000 00636nam a22002297a 4500
003 UA-OsUOA
001 79882
007 ta
008 20111122b un ||||| |||| 00| 0 ukr d
100 _aДостоевский Ф. М.
090 _a821.161.1
_bД70
942 _cBK
040 _aUA-OsUOA
_brus
_cUA-OsUOA
_dUA-OsUOA
245 _aСобрание сочинений в двенадцати томах
_b7
300 _a318 с.
955 _a3
041 _arus
080 _a821.161.1
260 _aМ.
_bПравда
_c1982
650 7 _a82 Література. Літературознавство
_2UDC
999 _c366144
_d366144